An act for dividng and allotting certain open fields, meadows, and stinted pastures in the township and parish of Pilham, in the county of Lincoln.

Bibliographic Details
Corporate Authors: Great Britain. Parliament, Gale (Firm)
Format: eBook
Language:English
Published: [London] : [publisher not identified], [1763]
Subjects:
Online Access:Connect to the full text of this electronic book

MARC

Tag First Indicator Second Indicator Subfields
LEADER 00000cam a2200000 4500
001 in00003873708
005 20190415192003.0
006 m o d
007 cr |n||||||||n
008 791208s1763 enk|||| o o00||||eng c
035 |a (CU-RivES)T68408 
035 |a (Uk-ES)006339481 
035 |a (OCoLC)508724135 
040 |a Uk-ES  |c Uk-ES  |d CStRLIN  |d Cengage Gale  |d UtOrBLW 
110 1 |a Great Britain.  |b Parliament. 
240 1 0 |a Bills. 1763-02-24 
245 1 3 |a An act for dividng and allotting certain open fields, meadows, and stinted pastures in the township and parish of Pilham, in the county of Lincoln. 
264 1 |a [London] :  |b [publisher not identified],  |c [1763] 
300 |a 1 online resource (15, 1 unnumbered pages)  
336 |a text  |b txt  |2 rdacontent 
337 |a computer  |b c  |2 rdamedia 
338 |a online resource  |b cr  |2 rdacarrier 
500 |a With a docket title. 
500 |a Enacted: Private Acts, 3 Geo.III.c.32. 
500 |a Drop-head title. 
510 4 |a English Short Title Catalog,  |c T68408. 
500 |a Reproduction of original from British Library. 
500 |a Electronic resource. 
650 0 |a Real property  |z Great Britain  |v Early works to 1800.  |0 http://id.loc.gov/authorities/subjects/sh2010109685 
650 0 |a Tithes  |z Great Britain  |v Early works to 1800. 
655 7 |a Electronic books.  |2 local 
710 2 |a Gale (Firm)  |0 http://id.loc.gov/authorities/names/no2008071348 
752 |a Great Britain  |b England  |d London. 
856 4 0 |u http://proxy.library.tamu.edu/login?url=http://find.galegroup.com/ecco/infomark.do?contentSet=ECCOArticles&docType=ECCOArticles&bookId=1717901900&type=getFullCitation&tabID=T001&prodId=ECCO&docLevel=TEXT_GRAPHICS&version=1.0&source=library&userGroupName=txshracd2898  |z Connect to the full text of this electronic book  |t 0 
999 f f |s 1a1868bf-665b-32d9-99eb-3a24e7c6f831  |i 1352f92a-e628-32be-855c-604a3f6388b7  |t 0 
952 f f |a Texas A&M University  |b College Station  |c Electronic Resources  |d Available Online  |t 0  |h No information provided 
998 f f |t 0  |l Available Online